The Bible in the Works of Thomas More : Part II: The Four Gospels /
A full list of Biblical quotes in More, with context and occasional comments on sources, parallels, etc. I. Old Testament II. The Four Gospels III. Acts, Epistles, Apocalypse IV. Elements of Synthesis V. Indexes, Supplements, Concordances The print edition is available as a set of five volumes (9789...
المؤلف الرئيسي:
التنسيق: كتاب الكتروني
اللغة: English
منشور في:
Leiden ; Boston :
Brill,
1969.
سلاسل:
European History and Culture - Book Archive pre-2000.
الموضوعات:
الوصول للمادة أونلاين: Login to view Source
الوسوم: إضافة وسم
رقم الطلب: PR2322
| LEADER | 02280nam a22004698i 4500 | ||
|---|---|---|---|
| 001 | BRILL9789004535527 | ||
| 003 | nllekb | ||
| 005 | 20240604181927.0 | ||
| 006 | m d | ||
| 007 | cr un uuuua | ||
| 008 | 240430s1969 gw sb 001 0 eng d | ||
| 020 | |a 9789004535527 |q (electronic book) | ||
| 020 | |z 9789004702608 |q (print) | ||
| 024 | 7 | |a 10.1163/9789004535527 |2 DOI | |
| 035 | |a (OCoLC)1429463025 | ||
| 040 | |a NL-LeKB |c NL-LeKB |e rda | ||
| 041 | |a eng | ||
| 050 | 4 | |a PR2322 | |
| 072 | 7 | |a HB |2 bicssc | |
| 072 | 7 | |a HIS |x 000000 |2 bisacsh | |
| 082 | 0 | 4 | |a 192 |2 23 |
| 100 | 1 | |a Marc'hadour, Germain, |e author. | |
| 245 | 1 | 4 | |a The Bible in the Works of Thomas More : |b Part II: The Four Gospels / |c J. van Oort. |
| 246 | 3 | |a Part II: The Four Gospels | |
| 264 | 1 | |a Leiden ; |a Boston : |b Brill, |c 1969. | |
| 264 | 4 | |c ©1969 | |
| 300 | |a 1 online resource (1098 pages) : |b illustrations. | ||
| 336 | |a text |b txt |2 rdacontent | ||
| 337 | |a computer |b c |2 rdamedia | ||
| 338 | |a online resource |2 rdacarrier | ||
| 490 | 1 | |a European History and Culture - Book Archive pre-2000 | |
| 504 | |a Includes bibliographical references and index. | ||
| 505 | 0 | |t Front Matter -- Preliminary Material / |r Germain Marc'Hadour -- Foreword / |r Germain Marc'hadour -- General Introduction / |r Germain Marc'Hadour -- Foreword to Matthew / |r Germain Marc'Hadour -- Foreword to Mark / |r Germain Marc'Hadour -- Foreword to Luke / |r Germain Marc'Hadour -- Foreword to John / |r Germain Marc'Hadour. | |
| 520 | |a A full list of Biblical quotes in More, with context and occasional comments on sources, parallels, etc. I. Old Testament II. The Four Gospels III. Acts, Epistles, Apocalypse IV. Elements of Synthesis V. Indexes, Supplements, Concordances The print edition is available as a set of five volumes (9789060041079). | ||
| 546 | |a English | ||
| 588 | |a Description based on print version record. | ||
| 650 | 0 | |a Christian literature, English |x History and criticism. | |
| 776 | 0 | 8 | |i Print version: |t The Bible in the Works of Thomas More : Part II: The Four Gospels. |d Leiden ; Boston : Brill, 1969. |z 9789004702608 |
| 830 | 0 | |a European History and Culture - Book Archive pre-2000. | |
| 856 | 4 | |z DOI: |u http://dx.doi.org/10.1163/9789004535527 | |
| 942 | |2 lcc |c EBOOK | ||
| 999 | |c 58441 |d 58441 | ||
